[Event "GER-ch U25-B"]
[Site "Willingen"]
[Date "2019.06.14"]
[Round "8"]
[White "Sarian, Gaya"]
[Black "Leithoff, Hans Georg"]
[Result "0-1"]
[WhiteElo "1452"]
[BlackElo "1527"]
[PlyCount "76"]
[EventDate "2019.06.08"]
[EventType "swiss"]
[EventRounds "9"]
[EventCountry "GER"]
[SourceTitle "CBM 191 Extra"]
[Source "ChessBase"]
[SourceDate "2019.09.30"]
[SourceVersion "1"]
[SourceVersionDate "2019.09.30"]
[SourceQuality "1"]

1. e4 c5 2. Nf3 d6 3. d4 cxd4 4. Nxd4 Nf6 5. Nc3 a6 6. Be3 e5 7. Nf3 Be7 8. Qd2 h6 9. 0-0-0 Be6 10. Be2 Qc7 11. h3 Nbd7 12. g4 b5 13. Nd5 Bxd5 14. exd5 Nb6 15. Nxe5 Nbxd5 16. Nf3 Rc8 17. Bd3 Nxe3 18. Qxe3 0-0 19. Bf5 Rcd8 20. h4 Rfe8 21. Qd3 d5 22. g5 Ne4 23. gxh6 g6 24. Rhg1 Qf4+ 25. Nd2 Qxf5 26. f3 Nd6 27. Qxf5 Nxf5 28. h5 Kh7 29. hxg6+ fxg6 30. Rde1 Bc5 31. Rxe8 Rxe8 32. Rh1 Ng3 33. Rd1 Kxh6 34. c3 Kg5 35. Kc2 Nf5 36. Kb3 Re3 37. Rg1+ Kf6 38. Rd1 Nd4# 0-1

[Event "Bad Soden U14 op 5th"]
[Site "Bad Soden"]
[Date "2018.10.01"]
[Round "4.14"]
[White "Leithoff, Hans Georg"]
[Black "Burkart, Lloyd Shang"]
[Result "0-1"]
[WhiteElo "1413"]
[BlackElo "1157"]
[PlyCount "62"]
[EventDate "2018.09.30"]
[EventType "swiss"]
[EventRounds "7"]
[EventCountry "GER"]
[SourceTitle "EXT 2020"]
[Source "ChessBase"]
[SourceDate "2019.10.17"]
[SourceVersion "1"]
[SourceVersionDate "2019.10.17"]
[SourceQuality "1"]

1. e4 c5 2. Nf3 e6 3. Qe2 Nc6 4. Nc3 Nge7 5. g3 g6 6. Bg2 Bg7 7. d3 0-0 8. 0-0 d5 9. exd5 exd5 10. Bg5 Re8 11. Rfe1 Be6 12. Nd2 h6 13. Bxe7 Rxe7 14. Nxd5 Bxd5 15. Qg4 Bxg2 16. Kxg2 Rxe1 17. Rxe1 Bxb2 18. Nc4 Bg7 19. Qf4 Qd5+ 20. Re4 f5 21. Ne3 Qd7 22. Rc4 b6 23. Qf3 Re8 24. Kf1 Ne5 25. Qf4 Nxc4 26. Qxc4+ Qe6 27. Qa6 Bd4 28. Qxa7 Bxe3 29. fxe3 Qxe3 30. Qxb6 Qf3+ 31. Kg1 Re1# 0-1

[Event "Bad Soden U14 op 5th"]
[Site "Bad Soden"]
[Date "2018.10.01"]
[Round "5.19"]
[White "Nonn, Julian"]
[Black "Leithoff, Hans Georg"]
[Result "0-1"]
[WhiteElo "802"]
[BlackElo "1413"]
[PlyCount "54"]
[EventDate "2018.09.30"]
[EventType "swiss"]
[EventRounds "7"]
[EventCountry "GER"]
[SourceTitle "EXT 2020"]
[Source "ChessBase"]
[SourceDate "2019.10.17"]
[SourceVersion "1"]
[SourceVersionDate "2019.10.17"]
[SourceQuality "1"]

1. e4 c6 2. Nf3 g6 3. Bc4 d5 4. exd5 cxd5 5. Bb3 Bg7 6. Nc3 Nf6 7. d4 Nc6 8. Bf4 0-0 9. 0-0 Bg4 10. Qd2 Bxf3 11. gxf3 Nh5 12. Bg3 Nxd4 13. Bxd5 e6 14. Bxb7 Rb8 15. Be4 Nxf3+ 16. Kg2 Nxd2 17. Rfd1 Nxg3 18. Kxg3 Nxe4+ 19. Kf3 Ng5+ 20. Kg4 Rb4+ 21. Kg3 Be5+ 22. Kg2 Qa8+ 23. Kf1 Nh3 24. Re1 Qf3 25. Re2 Bxc3 26. bxc3 Re4 27. Rae1 Qh1# 0-1

[Event "Bad Soden U14 op 5th"]
[Site "Bad Soden"]
[Date "2018.09.30"]
[Round "2.11"]
[White "Welker, Alexandra"]
[Black "Leithoff, Hans Georg"]
[Result "1/2-1/2"]
[WhiteElo "1308"]
[BlackElo "1413"]
[PlyCount "115"]
[EventDate "2018.09.30"]
[EventType "swiss"]
[EventRounds "7"]
[EventCountry "GER"]
[SourceTitle "EXT 2020"]
[Source "ChessBase"]
[SourceDate "2019.10.17"]
[SourceVersion "1"]
[SourceVersionDate "2019.10.17"]
[SourceQuality "1"]

1. e4 c6 2. d4 g6 3. Nf3 d5 4. Nc3 Bg7 5. Bf4 Bg4 6. Be2 Bxf3 7. Bxf3 dxe4 8. Bxe4 Qxd4 9. Qf3 Qb6 10. Rb1 Nf6 11. Bg5 Nxe4 12. Qxe4 Bxc3+ 13. bxc3 Qc7 14. Rd1 0-0 15. Qxe7 Qxe7+ 16. Bxe7 Re8 17. Rd8 Rxd8 18. Bxd8 Nd7 19. Bg5 Re8+ 20. Kd2 Nc5 21. Be3 Ne4+ 22. Kd3 a6 23. f3 Nxc3 24. Kxc3 Rxe3+ 25. Kd2 Ra3 26. Ra1 Kg7 27. Kc1 Kf6 28. Kb2 Re3 29. Rg1 Ke5 30. a4 Kd4 31. Rd1+ Kc5 32. c3 Re2+ 33. Kb3 Rxg2 34. Rd7 Kb6 35. Rxf7 Rxh2 36. Kc4 Rh4+ 37. f4 g5 38. Kb3 Rxf4 39. Rxh7 Rf6 40. Rg7 Rf5 41. Rg6 Ka5 42. Ka3 Rc5 43. Kb3 b5 44. axb5 cxb5 45. Rg7 Rd5 46. Rg6 Re5 47. Rg7 Kb6 48. Rg6+ Ka5 49. Rg7 b4 50. cxb4+ Kb5 51. Rb7+ Kc6 52. Rg7 Kb6 53. Kc4 Rf5 54. Rg6+ Kb7 55. Rg7+ Kc8 56. Rg6 Rf4+ 57. Kc5 Rf5+ 58. Kb6 1/2-1/2